00576nam a22002177a 450000500170000001000230001702000260004003500170006603500130008303500140009603700130011008200080012310000140013124500470014525000110019226000320020327000520023530000210028749000240030850000260033220180305112021.0 a1617EN ENG-116865 a9789383186006c350.00 aB-652815-843 aB-667658 aEN-100397 adplbKKP a000 aKundan,K. aVerbal reasoning:bcommonsense reasoning / a2th ed aDelhibBSC Publishingc2012 aC-37, Ganesh Nagar, Pandav nagar complexbDelhi a761p.c25cm(pbk) aMagical book series abased on new syllabus